| 000 | 01202cam a2200277Ia 4500 | ||
|---|---|---|---|
| 003 | data | ||
| 005 | 20260322212030.0 | ||
| 008 | data | ||
| 020 | _a9781904994879 | ||
| 020 | _a1904994873 | ||
| 040 |
_aBTCTA _beng _cBTCTA _dOCLCO _dYDXCP _dSAP _dIJV _dJBO _dOS3 _dOCLCO |
||
| 050 | 1 | 4 |
_aAG243 _b.G87 2012 |
| 092 | _a032 G87 2013 | ||
| 245 | 1 | 0 |
_aGuinness World Records 2013 / _cCraig Glenday & Guinness World Records Limited. |
| 260 |
_a[England] : _bJim Pattison Group, _bJim Pattison Group, _c2012. |
||
| 300 |
_a287 p. : _bcol. ill. ; _c31 cm. |
||
| 500 | _aIncludes index. | ||
| 500 | _a"Discover a world of new records" --Cover. | ||
| 500 | _a"Augmented reality ; see it 3D" --Cover. | ||
| 520 | _aContains thousands of records that span every field of human and non-human endeavors, including science and technology, animals, sports, geography, arts and entertainment, education, hobbies and pastimes, unusual rituals, and many others. Guinness World Records 2013 is crammed with new and updated records, and never-before-seen photography. | ||
| 650 | 0 | _aWorld records. | |
| 650 | 0 | _aCuriosities and wonders. | |
| 700 | 1 | _aGlenday, Craig. | |
| 710 | 2 | _aGuinness World Records Limited. | |
| 001 | data | ||
| 999 |
_c683 _d683 |
||